Do you recognise : these animals

Bibliographic Details
Format: Book
Published: New Delhi : Sterling Publishers , 2005
Subjects:

MARC

LEADER 00000cam a2200000 7i4500
001 0000003254
005 20220105103943.0
008 070718
020 |a 8120729587 
090 0 0 |a JP   |b NH ENG (4042) 
245 1 0 |a Do you recognise :   |b these animals 
260 |a New Delhi :   |b Sterling Publishers ,   |c 2005 
500 |a Children age 4-6 years old (yellow) 
650 0 |a Junior preschool   |x Natural history   |x English   |x Languages 
999 |a 0000969077   |b Book   |c Children Collection   |e Perbadanan Perpustakaan Awam Johor 
999 |a 0000969078   |b Book   |c Children Collection   |e Cawangan Pontian 
999 |a 0000969079   |b Book   |c Children Collection   |e Cawangan Batu Pahat